| 000 | 00810nam a2200265 a 4500 | ||
|---|---|---|---|
| 001 | BRCA_7791 | ||
| 005 | 20190320210009.0 | ||
| 008 | 011013s1955----u--a###f##---#001-0#eng-# | ||
| 041 | _aeng | ||
| 044 | _au | ||
| 050 | 4 |
_aN7113.C3 _b.W48 1955 |
|
| 100 | 1 |
_aWethey, Harold Edwin _99213 |
|
| 245 | 1 | 0 |
_aAlonso Cano _bpainter, sculptor, architect _cby Harold Edwin Wethey. |
| 260 |
_aNueva Jersey _bPrinceton University _c1955 |
||
| 300 |
_axiii, 227 p. _bil., 167 láminas _c27 cm. |
||
| 500 | _aIncluye breve biografía de Alonso Cano | ||
| 500 | _aX46 | ||
| 600 | 1 | 4 |
_aCano, Alonso _d1601-1667 _99388 |
| 650 | 1 | 4 |
_aArtistas españoles _919299 |
| 650 | 1 | 4 |
_aPintores españoles _97620 |
| 650 | 1 | 4 |
_aEscultores españoles _98024 |
| 650 | 1 | 4 |
_aArquitectos españoles _918448 |
| 902 | _aGFM | ||
| 942 |
_2lcc _cB |
||
| 999 |
_c7465 _d7465 |
||